Largest City of Each U.S. State on a Map - Statistics

General Stats
  • This quiz has been taken 44 times
  • The average score is 43 of 50
Answers on the Map
Answers color-coded by a green-red scale on the quiz's map according to % correct below.
 
Answer Stats
State Population Answer % Correct
California 3,878,704 Los Angeles
100%
Illinois 2,721,308 Chicago
98%
Idaho 237,963 Boise
95%
Colorado 729,019 Denver
95%
Michigan 645,705 Detroit
95%
Mississippi 141,449 Jackson
95%
Arkansas 204,774 Little Rock
95%
Arizona 1,673,164 Phoenix
95%
Hawaii 344,967 Honolulu
93%
Texas 2,390,125 Houston
93%
Indiana 891,484 Indianapolis
93%
Florida 1,009,833 Jacksonville
93%
Missouri 516,032 Kansas City
93%
Maine 69,568 Portland
93%
Oregon 635,749 Portland
93%
Washington 780,995 Seattle
93%
Georgia 520,070 Atlanta
90%
Maryland 568,271 Baltimore
90%
Massachusetts 673,458 Boston
90%
North Carolina 943,476 Charlotte
90%
Ohio 933,263 Columbus
90%
Nevada 678,922 Las Vegas
90%
Wisconsin 563,531 Milwaukee
90%
Minnesota 428,579 Minneapolis
90%
Louisiana 362,701 New Orleans
90%
New York 8,478,072 New York City
90%
Oklahoma 712,919 Oklahoma City
90%
Alaska 289,600 Anchorage
88%
Wyoming 65,704 Cheyenne
88%
Kentucky 640,796 Louisville
88%
Tennessee 704,963 Nashville
88%
Nebraska 489,265 Omaha
88%
Utah 217,783 Salt Lake City
88%
New Mexico 560,326 Albuquerque
85%
Iowa 213,096 Des Moines
85%
Rhode Island 194,706 Providence
85%
South Carolina 157,665 Charleston
83%
West Virginia 46,482 Charleston
83%
Pennsylvania 1,573,916 Philadelphia
83%
Kansas 400,991 Wichita
83%
Montana 121,483 Billings
80%
Virginia 454,808 Virginia Beach
80%
North Dakota 136,285 Fargo
75%
New Jersey 317,303 Newark
73%
South Dakota 209,289 Sioux Falls
73%
Alabama 230,402 Huntsville
68%
Connecticut 151,599 Bridgeport
60%
Vermont 44,432 Burlington
60%
Delaware 73,176 Wilmington
55%
New Hampshire 116,386 Manchester
53%
No matching quizzes found
Score Distribution
Percent of People with Each Score
Percentile by Number Answered
Your Score History
You have not taken this quiz